Statistiken für Grösste Städte der Schweiz A-Z

Klicken Sie hier um das Quiz zu spielen!

Allgemein

  • Dieses Quiz wurde 124 mal gespielt
  • Das Durchschnittsergebnis liegt bei 11 aus 23

Antwortstatistiken

StadtBevölkerungBuchstabe% Korrekt
Zürich421'878Z
98%
Basel173'863B
95%
Genf203'856G
89%
Lausanne140'202L
82%
Winterthur114'220W
78%
Aarau21'726A
72%
Chur36'336C
71%
St. Gallen76'213S
71%
Neuenburg33'455N
61%
Freiburg38'039F
57%
Yverdon-les-Bains29'955Y
56%
Thun43'476T
53%
Montreux26'090M
40%
Uster35'337U
35%
Dübendorf29'907D
26%
Emmen31'039E
24%
Köniz42'388K
23%
Vernier34'898V
15%
Pully18'694P
12%
Rapperswil-Jona27'483R
12%
Horgen23'090H
11%
Illnau-Effretikon17'352I
11%
Opfikon20'954O
7%

Verteilung der Resultate

Perzentil nach korrekt beantworteten Fragen

Anzahl Personen mit jedem Resultat

Ihre Resultats-Entwicklung

Sie haben dieses Quiz noch nicht gespielt